IFM Opac

Social security after fifty:successes and failures. (Record no. 7901)

MARC details
000 -LEADER
fixed length control field 00446nam a2200145Ia 4500
020 ## - INTERNATIONAL STANDARD BOOK NUMBER
International Standard Book Number 313255423
082 ## - DEWEY DECIMAL CLASSIFICATION NUMBER
Classification number 368.4300973 SOC
100 ## - MAIN ENTRY--PERSONAL NAME
Personal name Edrward D.Berkowitz (Editor)
9 (RLIN) 4785
245 ## - TITLE STATEMENT
Title Social security after fifty:successes and failures.
260 ## - PUBLICATION, DISTRIBUTION, ETC.
Place of publication, distribution, etc. New York:
Name of publisher, distributor, etc. Greenwood press
Date of publication, distribution, etc. 1987
300 ## - PHYSICAL DESCRIPTION
Extent viii, 168p.; 22 cm
500 ## - GENERAL NOTE
General note Includes bibliographical reference and index
650 ## - SUBJECT ADDED ENTRY--TOPICAL TERM
Topical term or geographic name entry element Social security-united states
9 (RLIN) 4786
942 ## - ADDED ENTRY ELEMENTS (KOHA)
Koha item type Books
Holdings
Withdrawn status Lost status Damaged status Not for loan Collection code Home library Current library Shelving location Date acquired Total Checkouts Full call number Barcode Date last seen Price effective from Koha item type Source of acquisition
        Non-fiction IFM Main Campus Library IFM Main Campus Library Archival Collection 09/15/2021   368.4300973 SOC 0000017878 05/15/2015 02/19/2022 Books  
        Non-fiction IFM Main Campus Library IFM Main Campus Library Archival Collection 09/10/2021   368.4300973 SOC 0000017877 11/04/2015 02/19/2022 Books Purchase
        Non-fiction IFM Main Campus Library IFM Main Campus Library Archival Collection 09/15/2021   368.4300973 SOC 0000017876 11/04/2015 02/19/2022 Books  
        Non-fiction IFM Main Campus Library IFM Main Campus Library Archival Collection 09/10/2021   368.4300973 SOC 0000017879 11/04/2015 02/19/2022 Books Purchase